[Event "Krakow op-B"]
[Site "Krakow"]
[Date "2004.01.02"]
[Round "7"]
[White "Gosciniak, Maria"]
[Black "Marcowski, Tomasz"]
[Result "0-1"]
[WhiteElo "1900"]
[BlackElo "2075"]
[PlyCount "50"]
[EventDate "2003.12.27"]
[EventType "swiss"]
[EventRounds "9"]
[EventCountry "POL"]
[SourceTitle "EXT 2006"]
[Source "ChessBase"]
[SourceDate "2005.11.24"]
[SourceVersion "1"]
[SourceVersionDate "2005.11.24"]
[SourceQuality "1"]

1. e4 c5 2. Nf3 d6 3. d4 cxd4 4. Nxd4 Nf6 5. Nc3 a6 6. f3 Qc7 7. Be3 e5 8. Nb3 Be6 9. Qd2 Be7 10. 0-0-0 0-0 11. g4 d5 12. exd5 Rd8 13. Bd3 Nxd5 14. Nxd5 Bxd5 15. Qg2 Nc6 16. Qh3 g6 17. Qg3 Nb4 18. Kb1 Bxb3 19. axb3 Rxd3 20. Qf2 Bh4 21. Qe2 Rxe3 22. Qxe3 Qxc2+ 23. Ka1 Qxd1+ 24. Rxd1 Nc2+ 25. Kb1 Nxe3 0-1